| 000 | 00411nam a2200169Ia 4500 | ||
|---|---|---|---|
| 008 | 121106t1994 xxu||||| |||| 00| 0 sin d | ||
| 041 | _asin | ||
| 080 |
_aX8S1 _bPRE |
||
| 100 | _aAlavaththagoda Premadasa | ||
| 245 | _aමා වත | ||
| 246 | _aMa Vatha | ||
| 260 |
_bSara Prakashana _aKottawa _c1994 |
||
| 300 | _b64p., 21 cm | ||
| 942 | _cBK | ||
| 999 |
_c76156 _d76156 |
||
| 003 | LK-CoDNM | ||
| 040 |
_aLK-CoDNM _dLK-CoDNM _eLK-CoDNM |
||